Logo BPK

Biblioteka

Politechniki Koszalińskiej

Konwencja Europejska a prawo karne / (Rekord nr 33795)

Szczegóły MARC
000 -ETYKIETA REKORDU
podpole kontrolne o stałej długości 00722nam a2200229 i 4500
001 - NUMER KONTROLNY REKORDU
pole kontrolne bg
020 ## - MIĘDZYNARODOWY ZNORMALIZOWANY NUMER KSIĄŻKI - ISBN
ISBN 8385709630
040 ## - ŹRÓDŁO KATALOGOWANIA
Instytucja, która utworzyła rekord BPK
041 0# - KOD JĘZYKA
Kod języka tekstu pl
Kod języka streszczenia lub abstraktu ende
080 ## - UNIWERSALNA KLASYFIKACJA DZIESIĘTNA - UKD
UKD 341.231.14:341.4:341.24(4)
920 ## - Międzynarodowy znormalizowany numer książki – ISBN
ISBN 83-85709-63-0
008 - POLE O STAŁEJ DŁUGOŚCI - DANE KONTROLNE
podpole kontrolne o stałej długości s pl f |000 0 pol
100 1# - NAZWA OSOBOWA
Nazwa osobowa HOFMAŃSKI, Piotr
Daty związane z nazwą (1956- )
245 10 - TYTUŁ/ODPOWIEDZIALNOŚĆ
Tytuł Konwencja Europejska a prawo karne /
Pozostałe elementy strefy tytułu i oznaczenia odpowiedzialności Piotr Hofmański.
260 ## - STREFA ADRESU WYDAWNICZEGO
Miejsce wydania Toruń :
Nazwa wydawcy/dystrybutora Towarzystwo Naukowe Organizacji i Kierownictwa "Dom Organizatora",
Data publikacji, dystrybucji/powstania dokumentu 1995.
300 ## - STREFA OPISU FIZYCZNEGO
Objętość 369, [1] s. ;
Rozmiary 24 cm.
504 ## - UWAGA DOTYCZĄCA BIBLIOGRAFII
Informacje o bibliografii Bibliogr. s. 343-363.
650 #9 - HASŁO PRZEDMIOTOWE W FORMIE NAZWY OGÓLNEJ LUB JEDNOSTKOWEJ
Nazwa ogólna lub geograficzna Prawa człowieka
Określnik ogólny prawo międzynarodowe
650 #9 - HASŁO PRZEDMIOTOWE W FORMIE NAZWY OGÓLNEJ LUB JEDNOSTKOWEJ
Nazwa ogólna lub geograficzna Prawo karne
Określnik ogólny zagadnienia
650 #9 - HASŁO PRZEDMIOTOWE W FORMIE NAZWY OGÓLNEJ LUB JEDNOSTKOWEJ
Nazwa ogólna lub geograficzna Umowy międzynarodowe
Określnik geograficzny Europa
856 ## - LOKALIZACJA I DOSTĘP DO ELEKTRONICZNYCH DOKUMENTÓW ZDALNYCH
Link (URL) http://koha.tu.koszalin.pl/cgi-bin/koha/opac-detail.pl?biblionumber=33795
Tekst linku Katalog online BPK
942 ## - DODATKOWE ELEMENTY (KOHA)
Typ dokumentu Książka
Egzemplarze
Wycofany Status egzemplarza Uszkodzony Dostępność Lokalizacja stała Lokalizacja bieżąca Miejsce przechowywania Sygnatura Kod kreskowy Dział Typ dokumentu
      Tylko na miejscu Biblioteka Politechniki Koszalińskiej Biblioteka Politechniki Koszalińskiej Czytelnia BG 45283 01368161 34 Nauki prawne Książka
      Tylko na miejscu Biblioteka Politechniki Koszalińskiej Biblioteka Politechniki Koszalińskiej Czytelnia Wydziałowa ul. Kwiatkowskiego 6e 45284 01368154 341 Prawo międzynarodowe Książka
© 2023 Biblioteka Politechniki Koszalińskiej :: KOHA